Beatles Songs Using Any Word - Statistics

General Stats
  • This quiz has been taken 6,042 times
    5,996 since last reset
  • The average score is 152 of 215
Answer Stats
Answer % Correct
A Day in the Life
99%
And I Love Her
99%
Do You Want to Know a Secret
99%
I Am the Walrus
99%
I Don't Want to Spoil the Party
99%
I Me Mine
99%
I Wanna Be Your Man
99%
I Want to Hold Your Hand
99%
I Want to Tell You
99%
I Want You (She's So Heavy)
99%
P.S. I Love You
99%
With a Little Help from My Friends
99%
You Really Got a Hold on Me
99%
A Hard Day's Night
98%
All You Need is Love
98%
A Taste of Honey
98%
Can't Buy Me Love
98%
Everybody's Got Something to Hide Except Me and My Monkey
98%
From Me to You
98%
I Call Your Name
98%
I Feel Fine
98%
If I Fell
98%
If I Needed Someone
98%
I Need You
98%
I Saw Her Standing There
98%
I Should Have Known Better
98%
I Will
98%
Love Me Do
98%
Love You To
98%
Money (That's What I Want)
98%
When I Get Home
98%
Why Don't We Do It in the Road?
98%
You Know My Name (Look Up the Number)
98%
Baby, You're a Rich Man
97%
Back in the U.S.S.R
97%
Dig a Pony
97%
Eight Days a Week
97%
Fixing a Hole
97%
Free as a Bird
97%
Got to Get You into My Life
97%
Happiness Is a Warm Gun
97%
I'm a Loser
97%
I'm Happy Just to Dance with You
97%
I've Got a Feeling
97%
I've Just Seen a Face
97%
Lucy in the Sky with Diamonds
97%
Not a Second Time
97%
Only a Northern Song
97%
She Came in Through the Bathroom Window
97%
She's a Woman
97%
Tell Me What You See
97%
There's a Place
97%
You Like Me Too Much
97%
You Never Give Me Your Money
97%
You've Got to Hide Your Love Away
97%
You Won't See Me
97%
Being for the Benefit of Mr. Kite!
96%
The Ballad of John and Yoko
96%
The Fool on the Hill
96%
The Long and Winding Road
96%
You Can't Do That
96%
Don't Let Me Down
95%
Everybody's Trying to Be My Baby
95%
Here Comes the Sun
95%
I'll Follow the Sun
95%
She Loves You
95%
For You Blue
94%
I'll Get You
94%
Please Please Me
94%
The Continuing Story of Bungalow Bill
94%
The End
94%
The Night Before
94%
Across the Universe
93%
All I've Got to Do
93%
Baby It's You
93%
I'm Looking Through You
93%
Thank You Girl
93%
The Inner Light
93%
The Word
93%
Till There Was You
93%
Words of Love
93%
Anna (Go to Him)
92%
Ask Me Why
92%
Don't Pass Me By
92%
It's Only Love
92%
Let it Be
92%
Tell Me Why
92%
Within You Without You
92%
Devil in Her Heart
91%
It Won't Be Long
91%
Real Love
91%
We Can Work It Out
91%
And Your Bird Can Sing
90%
Hold Me Tight
90%
In My Life
89%
Yes It Is
89%
You're Going to Lose That Girl
89%
For No One
87%
I'll Be Back
87%
Ob-La-Di, Ob-La-Da
87%
Here, There and Everywhere
85%
Run for Your Life
85%
Baby's in Black
83%
I'm So Tired
83%
Ticket to Ride
83%
All My Loving
82%
Drive My Car
80%
Her Majesty
80%
Rock and Roll Music
80%
Now and Then
79%
She Said She Said
79%
What Goes On
79%
Martha My Dear
77%
While My Guitar Gently Weeps
77%
Dig It
76%
Twist and Shout
76%
Yellow Submarine
76%
When I'm Sixty-Four
75%
Good Day Sunshine
74%
Help!
74%
Two of Us
74%
Things We Said Today
73%
Your Mother Should Know
73%
No Reply
72%
Please Mr. Postman
72%
Any Time at All
70%
It's All Too Much
70%
Norwegian Wood (This Bird Has Flown)
70%
Sgt. Pepper's Lonely Hearts Club Band
70%
Sgt. Pepper's Lonely Hearts Club Band (Reprise)
70%
All Together Now
69%
Get Back
67%
Think for Yourself
67%
Revolution 1
65%
Good Night
64%
Hey Jude
64%
Kansas City/Hey-Hey-Hey-Hey!
63%
Day Tripper
62%
Come Together
61%
Hey Bulldog
61%
I'm Down
59%
I'm Only Sleeping
59%
Sun King
57%
Another Girl
54%
Honey Don't
54%
Strawberry Fields Forever
54%
This Boy
54%
Eleanor Rigby
53%
Girl
53%
Magical Mystery Tour
51%
What You're Doing
51%
One After 909
50%
Yesterday
50%
Carry that Weight
49%
Good Morning, Good Morning
49%
Mean Mr. Mustard
49%
Nowhere Man
49%
Revolution 9
49%
Blue Jay Way
48%
Cry Baby Cry
48%
Bad Boy
47%
Don't Bother Me
46%
Penny Lane
46%
Octopus's Garden
45%
Revolution
45%
She's Leaving Home
44%
Something
44%
Every Little Thing
43%
Mr. Moonlight
40%
Tomorrow Never Knows
40%
Lovely Rita
39%
Maxwell's Silver Hammer
39%
Taxman
39%
Blackbird
38%
Long Tall Sally
38%
Mother Nature's Son
38%
Long, Long, Long
37%
Michelle
37%
Dear Prudence
36%
Hello, Goodbye
36%
I'll Cry Instead
36%
Oh! Darling
35%
Roll Over Beethoven
35%
Wild Honey Pie
35%
Honey Pie
34%
Helter Skelter
33%
Rocky Raccoon
33%
Because
32%
Polythene Pam
32%
Golden Slumbers
31%
Julia
31%
Glass Onion
30%
Komm, Gib Mir Deine Hand
29%
Paperback Writer
29%
Slow Down
29%
Getting Better
26%
Lady Madonna
26%
Little Child
26%
Birthday
24%
Doctor Robert
24%
Sexy Sadie
24%
Dizzy Miss Lizzy
23%
Boys
22%
Chains
22%
Flying
21%
Piggies
21%
Rain
21%
Yer Blues
21%
Misery
19%
Maggie Mae
18%
Savoy Truffle
17%
Wait
17%
Act Naturally
14%
Matchbox
11%
Sie Liebt Dich
7%
No matching quizzes found
Score Distribution
Percent of People with Each Score
Percentile by Number Answered
Your Score History
You have not taken this quiz since the last reset